History Quiz

Random History or Discovery Quiz

Gemini Astronauts Quiz Stats

 Plays Quiz Updated Mar 10, 2020

Support Sporcle.
Go Orange.
Score 0/20 Timer 03:00
0 Plays Today
Mission Astronaut % Correct
Gemini VIII Command PilotNeil Armstrong
89.8%
Gemini XII PilotEdwin 'Buzz' Aldrin
82.7%
Gemini III Command PilotVirgil 'Gus' Grissom
74.8%
Gemini VII PilotJames Lovell, Jr.
69.1%
Gemini XII Command PilotJames Lovell, Jr.
67.6%
Gemini IV PilotEdward White II
62.1%
Gemini X PilotMichael Collins
57.7%
Gemini V Command PilotLeroy Gordon Cooper. Jr.
51.3%
Gemini VI-A Command PilotWalter Schirra, Jr.
51.1%
Gemini III PilotJohn Young
47.6%
Mission Astronaut % Correct
Gemini X Command PilotJohn Young
47.6%
Gemini VII Command PilotFrank Borman II
44.7%
Gemini V PilotCharles 'Pete' Conrad, Jr.
43.9%
Gemini XI Command PilotCharles 'Pete' Conrad, Jr.
43.9%
Gemini IX-A PilotEugene Cernan
41.6%
Gemini VIII PilotDavid Scott
38.1%
Gemini IV Command PilotJames McDivitt
32%
Gemini VI-A PilotThomas Stafford
31.9%
Gemini IX-A Command PilotThomas Stafford
31.9%
Gemini XI PilotRichard Gordon, Jr.
30.4%

From the Vault

25 More Famous Movie Directors on Set

by Larryholmes79

Movies 7m
How many directors does it take to change a lightbulb? Just one, but he wants to do it 32 times and when he’s done, everyone thinks his last lightbulb was better.
Remove Ads.
Support Sporcle.
Get the best of Sporcle when you Go Orange. This ad-free experience offers more features, more stats, and more fun while also helping to support Sporcle. Thank you for becoming a member.

Show Comments

Extras

Top Quizzes Today


Score Distribution

Your Account Isn't Verified!

In order to create a playlist on Sporcle, you need to verify the email address you used during registration. Go to your Sporcle Settings to finish the process.

Report this User

Report this user for behavior that violates our Community Guidelines.

Details: